woman : (Record no. 171079)
[ view plain ]
| 000 -LEADER | |
|---|---|
| fixed length control field | 00609nam a2200181 4500 |
| 005 - DATE AND TIME OF LATEST TRANSACTION | |
| control field | 20200108131451.0 |
| 010 ## - LCCN (DPL NO) | |
| LC control number | ENG-127272 |
| 020 ## - INTERNATIONAL STANDARD BOOK NUMBER | |
| International Standard Book Number | 9789384782368 |
| Terms of availability | 1600.00 |
| 035 ## - SYSTEM CONTROL NUMBER | |
| System control number | EN-110804 |
| 037 ## - SOURCE OF ACQUISITION | |
| Source of stock number/acquisition | DBAD/PUB |
| 082 ## - DEWEY DECIMAL CLASSIFICATION NUMBER | |
| Classification number | N |
| 100 ## - MAIN ENTRY--PERSONAL NAME | |
| Personal name | Sinha,Manju |
| 245 ## - TITLE STATEMENT | |
| Title | woman : |
| Statement of responsibility, etc | by Sinha,Manju |
| Remainder of title | A Platform of Resurrection portrayed by D.H Lawrence/ |
| 260 ## - PUBLICATION, DISTRIBUTION, ETC. (IMPRINT) | |
| Place of publication, distribution, etc | Delhi |
| Name of publisher, distributor, etc | DISHA International Publishing House |
| Date of publication, distribution, etc | 2017 |
| 270 ## - ADDRESS | |
| Address | F-7gali no.1 Panchsheel garden extention naveen Shahdara |
| City | Delhi |
| Postal code | 110032 |
| Electronic mail address | dishainternationpublishing@gmail.com |
| 300 ## - PHYSICAL DESCRIPTION | |
| Extent | xvii,356p. |
| Dimensions | 23cm(hb) |
| 942 ## - ADDED ENTRY ELEMENTS (KOHA) | |
| Source of classification or shelving scheme | Dewey Decimal Classification |
| Item type | English Books |
| Classification part | N |
| Call number suffix | SIN |
| Withdrawn status | Lost status | Not for loan | Collection code | Home library | Current library | Date acquired | Source of acquisition | Cost, normal purchase price | Full call number | Barcode | Copy number | Cost, replacement price | Koha item type |
|---|---|---|---|---|---|---|---|---|---|---|---|---|---|
| Non-fiction | Patel Nagar | Patel Nagar | 06/01/2020 | DBAD/PUB | 1600.00 | N SIN | EN-110804 | 1 | 1600.00 | English Books |
